Longman Webster English College Dictionary

Αποθηκεύτηκε σε:
Λεπτομέρειες βιβλιογραφικής εγγραφής
Μορφή: Βιβλίο
Γλώσσα:English
Δημοσίευση: Harlow : Longman, 1984
Θέματα:
Ετικέτες: Προσθήκη ετικέτας
Δεν υπάρχουν, Καταχωρήστε ετικέτα πρώτοι!

MARC

LEADER 00000nam a2200000 i 4500
001 1/29464
008 960209s1984 eng d
020 |a 0582555760 
035 |l 10023226 
040 |a GR-MY-UA  |b gre  |e aacr 
041 0 |a eng 
082 0 |a Π 423 
245 1 0 |a Longman Webster English College Dictionary 
260 |a Harlow :   |b Longman,   |c 1984 
300 |a 1876 p. 
650 0 0 |a English language  |x Dictionaries. 
852 |a INST  |b CHIOS  |e 19960209  |h 423 LΟΝ  |p 005200001026  |q 005200001026  |t REF  |y 23 
909 |a Χ  |b 001568